Statistics for 拼音以A开头的中国城市 Chinese cities whose pinyin begins with A

Click here to take the quiz!

General Stats

  • This quiz has been taken 101 times
  • The average score is 9 of 17

Answer Stats

七普人口DWUA省份行政类别城市% Correct
64安徽地级市安庆
95%
9986河南地级市安阳
93%
62澳门特别行政区澳门
90%
146142辽宁地级市鞍山
89%
54贵州地级市安顺
80%
32陕西地级市安康
74%
8新疆县级市阿勒泰
65%
4475新疆县级市阿克苏
60%
13新疆县级市阿拉尔
55%
2内蒙古县级市阿尔山
40%
31云南县级市安宁
29%
1新疆县级市阿拉山口
29%
17黑龙江县级市安达
28%
24湖北县级市安陆
27%
9新疆县级市阿图什
26%
3955山东县级市安丘
26%
16河北县级市安国
22%

Score Distribution

Percentile by Number Answered

Percent of People with Each Score

Your Score History

You have not taken this quiz